|
|
|
|
| LEADER |
01704nam a2200409 4500 |
| 001 |
on1105928116 |
| 003 |
OCoLC |
| 005 |
20200326101202.0 |
| 006 |
m o d |
| 007 |
cr cnu---unuuu |
| 008 |
190627s2019 enk o 000 0 eng d |
| 040 |
|
|
|a N$T
|b eng
|e rda
|e pn
|c N$T
|d N$T
|d OPELS
|d EBLCP
|d UKAHL
|d OCLCQ
|d CASUM
|d OCLCO
|d OCLCA
|d GrThAP
|
| 020 |
|
|
|a 9780444642349
|q (electronic bk.)
|
| 020 |
|
|
|a 044464234X
|q (electronic bk.)
|
| 020 |
|
|
|a 9780444642332
|
| 035 |
|
|
|a (OCoLC)1105928116
|
| 050 |
|
4 |
|a QP357.5
|
| 082 |
0 |
4 |
|a 612.8
|2 23
|
| 245 |
0 |
0 |
|a Mathematical modelling in motor neuroscience :
|b state of the art and translation to the clinic. Ocular motor plant and gaze stabilization mechanisms /
|c edited by Stefano Ramat, Aasef G. Shaikh.
|
| 264 |
|
1 |
|a London :
|b Academic Press,
|c 2019.
|
| 300 |
|
|
|a 1 online resource
|
| 336 |
|
|
|a text
|b txt
|2 rdacontent
|
| 337 |
|
|
|a computer
|b c
|2 rdamedia
|
| 338 |
|
|
|a online resource
|b cr
|2 rdacarrier
|
| 490 |
1 |
|
|a Progress in brain research ;
|v 248
|
| 588 |
0 |
|
|a Online resource; title from PDF title page (EBSCO, viewed July 1, 2019)
|
| 650 |
|
0 |
|a Neurosciences
|x Mathematical models.
|
| 650 |
1 |
2 |
|a Motor Neurons.
|0 (DNLM)D009046
|
| 650 |
1 |
2 |
|a Oculomotor Muscles.
|0 (DNLM)D009801
|
| 650 |
2 |
2 |
|a Eye Movements
|x physiology.
|0 (DNLM)D005133Q000502
|
| 650 |
2 |
2 |
|a Models, Theoretical.
|0 (DNLM)D008962
|
| 650 |
2 |
2 |
|a Reflex, Vestibulo-Ocular
|x physiology.
|0 (DNLM)D012027Q000502
|
| 655 |
|
4 |
|a Electronic books.
|
| 700 |
1 |
|
|a Ramat, Stefano,
|e editor.
|
| 700 |
1 |
|
|a Shaikh, Aasef G.,
|e editor.
|
| 830 |
|
0 |
|a Progress in brain research ;
|v v. 248.
|
| 856 |
4 |
0 |
|3 ScienceDirect
|u https://www.sciencedirect.com/science/bookseries/00796123/248
|z Full Text via HEAL-Link
|